La Libertad dividida /

El documento consiste en una compilación de las columnas escritas por Cecilia Valverde Berrenechea en La Nación, de un total de 260 artículos publicados en los años ochentas. En torno al tema de la lucha por la libertad del Estado.

Salvato in:
Dettagli Bibliografici
Autore principale: Valverde Berrenechea, Cecilia
Natura: testo
Lingua:Spanish
Pubblicazione: San José: ANFE 2004
Soggetti:
Tags: Aggiungi Tag
Nessun Tag, puoi essere il primo ad aggiungerne!!

MARC

LEADER 00000 a a2200000 04500
001 39230
003 cru CIDCACS/IIS
005 20230704092358.0
008 230704e2004 cr ||||| |||| 00| 0 spa d
020 |a 9968-9441-8-1  
040 |a CRAI/IIS  |c CRAI/IIS 
090 |a 04.03.01 V215l 
100 |a Valverde Berrenechea, Cecilia  
245 |a La Libertad dividida /  |c Cecilia Valverde Berrenechea 
260 |a San José:   |b ANFE   |c 2004 
300 |a 358 páginas 
520 |a El documento consiste en una compilación de las columnas escritas por Cecilia Valverde Berrenechea en La Nación, de un total de 260 artículos publicados en los años ochentas. En torno al tema de la lucha por la libertad del Estado. 
650 |a ASPECTOS POLITICOS  
650 |a RESPONSABILIDAD DE LOS ESTADOS  
650 |a IDEOLOGIAS  
650 |a LIBERTAD  
650 |a FILOSOFIA  
650 |a POLITICA ECONOMICA  
650 |a COSTA RICA  
942 |2 ddc  |c LI  |h 04.03.01 V215l  |i 06341  |6 040301_V215L_06341 
999 |c 7815  |d 7815